ARRUPE JESUIT UNIVERSITY

CORONAVIRUS -STOP THE SPREAD - CLEAN,DISINFECT,COVER

Vico, metaphor, and the origin of language / (Record no. 123794)

MARC details
000 -LEADER
fixed length control field 00981fam a22003018a 4500
001 - CONTROL NUMBER
control field 1367140
005 - DATE AND TIME OF LATEST TRANSACTION
control field 20151112150524.0
008 - FIXED-LENGTH DATA ELEMENTS--GENERAL INFORMATION
fixed length control field 920903s1993 inu b 001 0 eng
010 ## - LIBRARY OF CONGRESS CONTROL NUMBER
LC control number 92030604
020 ## - INTERNATIONAL STANDARD BOOK NUMBER
International Standard Book Number 0253316073
035 ## - SYSTEM CONTROL NUMBER
System control number (OCoLC)26673740
035 ## - SYSTEM CONTROL NUMBER
System control number (OCoLC)ocm26673740
035 ## - SYSTEM CONTROL NUMBER
System control number (NNC)1367140
040 ## - CATALOGING SOURCE
Original cataloging agency DLC
Transcribing agency DLC
Modifying agency NNC
050 00 - LIBRARY OF CONGRESS CALL NUMBER
Classification number P116
Item number .D36 1993
082 00 - DEWEY DECIMAL CLASSIFICATION NUMBER
Classification number 195
Edition number 20
100 1# - MAIN ENTRY--PERSONAL NAME
Personal name Danesi, Marcel,
Dates associated with a name 1946-
9 (RLIN) 21106
245 10 - TITLE STATEMENT
Title Vico, metaphor, and the origin of language /
Statement of responsibility, etc Marcel Danesi.
260 ## - PUBLICATION, DISTRIBUTION, ETC. (IMPRINT)
Place of publication, distribution, etc Bloomington and Indianapolis :
Name of publisher, distributor, etc Indiana University Press,
Date of publication, distribution, etc c1993.
263 ## - PROJECTED PUBLICATION DATE
Projected publication date 9312
300 ## - PHYSICAL DESCRIPTION
Extent x, 190 p. :
Other physical details ill. ;
Dimensions 25 cm.
504 ## - BIBLIOGRAPHY, ETC. NOTE
Bibliography, etc Includes bibliographical references (p. [165]-186) and index.
600 10 - SUBJECT ADDED ENTRY--PERSONAL NAME
Personal name Vico, Giambattista,
Dates associated with a name 1668-1744
General subdivision Contributions in the origin of language.
9 (RLIN) 21107
650 #0 - SUBJECT ADDED ENTRY--TOPICAL TERM
Topical term or geographic name as entry element Language and languages
General subdivision Origin.
9 (RLIN) 14516
650 #0 - SUBJECT ADDED ENTRY--TOPICAL TERM
Topical term or geographic name as entry element Metaphor.
9 (RLIN) 11427
942 ## - ADDED ENTRY ELEMENTS (KOHA)
Source of classification or shelving scheme Library of Congress Classification
Item type Monograph ( Printed materials)
Holdings
Withdrawn status Lost status Source of classification or shelving scheme Damaged status Not for loan Collection code Home library Current library Shelving location Date acquired Total Checkouts Full call number Barcode Date last seen Price effective from Koha item type
    Library of Congress Classification     Main Collection ARRUPE LIBRARY ARRUPE LIBRARY Main Collection 12/11/2015   P116 .D36 1993 46500005602 26/02/2019 12/11/2015 Monograph ( Printed materials)

 

Arrupe Library. PO Box MP320 Mt Pleasant, Harare, Zimbabwe
263 242 745411|librarian@aju.ac.zw